000 01204nam a2200241 a 4500
001 000108386
003 AM-YEHGA
005 20250617122341.0
008 990408s1978 xxu 000 0 rus u
040 _aAM-YeHGA
041 0 _arus
100 1 _aВоронков, Александр Александрович
245 1 0 _aКристаллохимия минералов циркония и их искусственных аналогов /
_cА.А. Воронков и др. ; Отв. ред. В.Б. Александров ; АН СССР, М-во геологии СССР, Ин-т минералогии, геохимии и кристаллохимии редких элементов.
260 _aМосква :
_bНаука,
_c1978.
300 _a182 с.
650 1 4 _aМинералогия
700 1 _aШумяцкая, Нинель Григорьевна
700 1 _aПятенко, Юрий Андреевич
700 1 _aАлександров, В.Б.
_eред.
_4edt
710 2 _aИнститут минералогии, геохимии и кристаллохимии редких элементов АН СССР (ИМГРЭ)
942 _2udc
_cBK
090 _c35953
999 _c35432
_d35432